01442nas a2200385 a 450000100060000000300080000600500170001400800410003103500190007204001460009104100180023708200280025524501130028326000390039630000310043532100230046632100260048932100230051550000450053850000230058350001110060650400130071751000340073065000310076465000370079565000340083265000180086665000270088465000240091165000300093565000250096565500170099065500230100770000260103073113BD-RjUL20211209082342.0170528s1961 sz fx p 0 b0eng c a(BD-RjUL)73331 aOTUbengcOTUdOCoLCdNdViNEVMdInUdOCoLCdAIPdMHdAIPdMHdDLCdDNLMdDLCdInUdNL-LeOCLdDLCdOCoLCdHEBISdUKMGBdOCLCFdOCoLCdBD-RjUL0 aengafreager04223a615.10724bFOR 196100aFortschritte der Arzneimittelforschung =Progress in drug research = Progrès des recherches pharmaceutiques aBasel :bBirkhäuser,c1959-1997. a49 volumes :bill ;c25 cm aAnnual,b1959-1962 aIrregular,b1963-1968 aAnnual,b1969-1989 aSome vols. have also distinctive titles. aEditor: E. Jucker. aPublished: New York : Interscience Publishers, 1960; published simultaneously in Boston, Mass., 1979-1997. 0aVol. 3--2 aChemical abstractsx0009-2258 0aPharmacologyvPeriodicals. 0aPharmacyxResearchvPeriodicals. 0aDrugsxResearchvPeriodicals. 2aPharmacology. 7aDrugsxResearch.2fast 7aPharmacology.2fast 7aPharmacyxResearch.2fast17aGeneesmiddelen.2gtt 2aPeriodicals. 7aPeriodicals.2fast1 aJucker, Ernst,d1918-